000 00800cam a22002651 4500
001 29848
003 BD-RjUL
005 20211209051454.0
008 140407s1953 nyua b 001 0 eng
035 _a(BD-RjUL)29933
035 _a(OCoLC)1598806
040 _aDLC
_cFMU
_dOCoLC
_dDLC
_beng
041 _aeng
082 _a616.8
_bCON 1953
100 1 _aWeider, Arthur,
_d1919-
_990822
245 1 0 _aContributions toward medical psychology :
_btheory and psychodiagnostic methods /
_cWith a foreword by David Wechsler.
_nV-2
260 _aNew York :
_bRonald Press Co.,
_c1953
300 _a885 p. :
_bill. ;
_c24 cm.
504 _aincludes index
650 0 _aMedicine, Psychosomatic.
_990823
650 0 _aPsychology.
_990824
942 _2ddc
_cBK
999 _c29848
_d29848